Statistics for European Countries with Geysers

Click here to take the quiz!

General Stats

  • This quiz has been taken 72 times
  • The average score is 3 of 5

Answer Stats

Geyser country% Correct
Iceland
97%
Russia
81%
Germany
58%
Bulgaria
27%
Serbia
23%

Score Distribution

Percentile by Number Answered

Percent of People with Each Score

Your Score History

You have not taken this quiz